Clubes campeões do Brasileirão série A - Statistics

Estatísticas Gerais
  • Esse quiz foi jogado 60 vezes
  • A pontuação média é 5 de 9
Estatísticas das Respostas
Hint Resposta % Correto
12 Palmeiras
71%
9 Flamengo
67%
1 Athletico Paranaense, Coritiba, Guarani e Sport
57%
4 Cruzeiro, Fluminense e Vasco da Gama
55%
6 São Paulo
52%
7 Corinthians
45%
8 Santos
40%
2 Atlético Mineiro, Bahia e Grêmio
38%
3 Botafogo e Internacional
31%
Nenhum quiz correspondente encontrado
Distribuição das Pontuações
Porcentagem de Pessoas com Cada Pontuação
Percentil de Números Respondidos
Sua Pontuação Histórica
Você não jogou esse quiz